Ariana Grande - in my head (lyrics) - Statistics

General Stats
  • This quiz has been taken 717 times
  • The average score is 274 of 342
Answer Stats
Answer % Correct
A
99%
I
99%
You
98%
You,
98%
In
97%
In,
97%
The
96%
Head
95%
Is
94%
My
94%
Your
94%
To
93%
We
93%
But
92%
But,
92%
It
91%
All
89%
I'm
89%
See
89%
That
89%
Boy,
88%
Thought
88%
Was
88%
On
87%
Picture
87%
When
87%
Painted
86%
Well
86%
Of
85%
Too
85%
Angel,
84%
Angel
84%
(Angel)
84%
At
84%
Can
84%
Heart
84%
Heart)
84%
Look
84%
With
84%
Gucci
83%
Issue
83%
Issue,
83%
Me
83%
Shoes
83%
Knew
82%
Tennis
82%
They
82%
From
81%
Invented
81%
Running
81%
Wanted
80%
What
80%
Issues
79%
Love
79%
There
79%
Creative
78%
Demon
78%
Falling,
78%
Falling
78%
Moment
78%
Only
78%
Seeing
78%
Were
78%
Isn't
77%
You're
76%
One
75%
Are
74%
Broke
74%
Yeah,
74%
(Yeah,
74%
Yeah)
74%
Yeah
74%
Believe
73%
Caught
73%
Coming
73%
Need
73%
Out,
73%
Said
73%
For
72%
Got
72%
Half
72%
Leave
72%
Never
72%
Sheets
72%
Up
72%
Without
72%
Over
71%
Something
71%
Work
71%
Abel,
70%
Abel
70%
(Abel,
70%
Abel)
70%
Drew
70%
Person
70%
Created
69%
Thing
69%
You'd
69%
Habit
68%
Halo,
68%
Imagination's
68%
And
67%
Long
67%
Oh
67%
Tangled
67%
Way
67%
Fix
66%
Needed
66%
This
66%
You've
66%
Yourself
65%
Cannot
64%
Good
64%
(Good
64%
Had
64%
Version
64%
Away,
63%
That's
63%
Vision
63%
Blocks
62%
Everything
62%
Two
62%
Cardio
61%
Enough
61%
Grow,
61%
Here's
61%
Maybe
61%
Saw
61%
Gone
60%
Has
59%
Potential
59%
Trying
59%
Wasn't
59%
Figure
58%
Know
57%
Wingless
57%
Able,
56%
Able
56%
Can't
56%
Made
53%
Shit
53%
Somebody
53%
Cain
51%
Else,
51%
Hold
51%
Would
51%
Against
50%
Credentials
50%
Did
50%
Aren't
49%
Budding
48%
Myself,
46%
Uh,
44%
(Skrt,
42%
Skrt)
42%
Willing
41%
Guess
31%
Ah
30%
Hmm
20%
No matching quizzes found
Score Distribution
Percent of People with Each Score
Percentile by Number Answered
Your Score History
You have not taken this quiz